|
|
|
|
| LEADER |
00000nab a2200000 ar4500 |
| 001 |
vtls009088281 |
| 003 |
SK-MaSNL |
| 005 |
20260303173626.0 |
| 008 |
070821c1962 xo |||| ||| 000 b|slo |
| 015 |
|
|
|a SNBRA2007/08
|2 snkbucl
|
| 038 |
|
|
|a SNKBUCL
|
| 040 |
|
|
|a SNKBUCL
|b slo
|c SNKBUCL
|e AACR2
|
| 041 |
0 |
|
|a slo
|
| 044 |
|
|
|a xo
|c SK
|
| 080 |
|
|
|a 82.033:821.162.4-3
|2 2001
|
| 080 |
|
|
|a 821.162.4-3.033
|2 2001
|
| 080 |
|
|
|a 82.0:801.6
|2 2001
|
| 080 |
|
|
|a 811.162.4`38:821.162.4
|2 2001
|
| 080 |
|
|
|a 81`38:821.162.4
|2 2001
|
| 080 |
|
|
|a 811.162.4`42:821.162.4
|2 2001
|
| 080 |
|
|
|a 81`42:821.162.4
|2 2001
|
| 080 |
|
|
|a 82.0:82-1/-9
|2 2001
|
| 100 |
1 |
|
|a Noge, Július,
|d 1931-1993
|4 aut
|9 37646
|
| 245 |
1 |
0 |
|a Próza Vladimíra Mináča
|c Július Noge
|
| 504 |
|
|
|a Bibliogr. odkazy
|
| 600 |
1 |
7 |
|a Mináč, Vladimír,
|d 1922-1996
|2 snkbucl
|9 103107
|
| 650 |
0 |
7 |
|a slovenská próza
|2 snkbucl
|9 1206
|
| 655 |
|
7 |
|a štúdie
|2 snkbucl
|9 57033
|
| 773 |
0 |
|
|t Otázky prózy. [Litteraria. V]
|d Bratislava : Vydavateľstvo Slovenskej akadémie vied, 1962
|g S. 211-271
|
| 852 |
|
|
|a SNK
|b KIS3GCP
|
| 958 |
|
|
|a LX
|
| 958 |
|
|
|a SK
|
| 958 |
|
|
|a NB
|
| 999 |
|
|
|c 2093111
|d 2095041
|